Understanding semantics

Guardat en:
Dades bibliogràfiques
Autor principal: Löbner, Sebastian (autor)
Format: Llibre
Idioma:anglès
Publicat: Londres Arnold 2002
Edició:1a. ed
Col·lecció:Understanding Language Series
Matèries:
Etiquetes: Afegir etiqueta
Sense etiquetes, Sigues el primer a etiquetar aquest registre!

MARC

LEADER 00000nam a2200000 a 4500
001 UCK5698
003 CL-VaPUC
008 050819e20020000UK |||||||||||||||||eng|d
020 |a 0340731982 
082 0 4 |a 401.43  |b LOB  |2 21 
100 |a Löbner, Sebastian  |e autor  |9 494613 
245 1 0 |a Understanding semantics 
250 |a 1a. ed 
300 |a 260 p 
942 |c BK 
945 |d 20050819 00:00:00  |a cmena 
260 |a Londres  |b Arnold  |c 2002 
650 0 |a Semántica  |9 265318 
650 0 |a Análisis del discurso  |9 256696 
650 0 |a Investigación lingüística  |9 329785 
583 |a last modification  |c 20050819 00:00:00  |k Rodrigo Vera 
490 0 |a Understanding Language Series 
999 |c 314193  |d 314191 
952 |0 0  |1 0  |4 0  |6 401_430000000000000_LOB_2002  |7 0  |8 A  |9 386202  |a FDOPOS  |b FDOPOS  |d 2019-11-22  |i 4157001  |o 401.43 LOB 2002  |p 4157001  |r 2025-01-22  |w 2019-11-22  |y BK  |k MLA